000 00620nam a22002177a 4500
003 UA-OsUOA
001 108971
007 ta
008 20141124b un ||||| |||| 00| 0 ukr d
100 _aГусєв В.
090 _a94(477)
_bГ96
942 _cSA
040 _aUA-OsUOA
_bukr
_cUA-OsUOA
_dUA-OsUOA
245 _aТериторія нащівної експлуатації: чого хотіли більшовики від України?
300 _aС.8
955 _a0
041 _aukr
080 _a94(477)
773 0 _w108969
650 7 _a9 Географія. Біографії. Історія
_2UDC
999 _c396244
_d396244